000
00337nam a2200133Ia 4500
008
240624s9999 xx 000 0 und d
041
_a
eng
082
_a
920 MOO
100
_a
MOORE CHARLES
245
_a
MARGARET THATCHER THE AUTHORIZED BIOGRAP
260
_c
2013
_a
New York
_b
Allen Lane
300
_a
859 : p. : cm. ; 28
365
_c
RS
999
_c
25858
_d
25858